00392nam a2200121 a 45000010005000000030005000050050017000100080041000270400026000681000028000942450139001222600009002611277CDMR20130116135208.0130130s1998||||||||||||||||||||||||||||d aCDMRbcatcCPC GIRONA1 aForcadell Saport, Josep10aFactors clau de l'evolució de la premsa diaria a CatalunyabDe la llei Fraga a l'actualitatcForcadell, J. , Peya, G. / Sanjuan, S. c1998